[Event "FICGS W-ch st1 g09 email"]
[Site "FICGS email"]
[Date "2022.11.02"]
[Round "1"]
[White "Marcel, Alexis"]
[Black "Nimylovych, Taras"]
[Result "0-1"]
[WhiteElo "1392"]
[BlackElo "2227"]
[PlyCount "34"]
[EventDate "2022.??.??"]
[EventType "tourn (corr)"]
[EventRounds "6"]
[SourceTitle "Corr 2024"]
[Source "ChessBase"]
[SourceDate "2023.10.19"]
[SourceVersion "1"]
[SourceVersionDate "2023.10.19"]
[SourceQuality "1"]

1. f4 d5 2. Nf3 g6 3. e3 Bg7 4. Nc3 Nf6 5. b3 0-0 6. Bb2 c5 7. Be2 d4 8. exd4 cxd4 9. Nb5 Nd5 10. Bxd4 Bxd4 11. Nbxd4 Nxf4 12. 0-0 e5 13. Nb5 Nc6 14. Nc3 Bf5 15. d3 Nd4 16. a4 Rc8 17. Nb5 Nfxe2+ 0-1

[Event "FICGS class E 000243 email"]
[Site "FICGS email"]
[Date "2022.10.25"]
[Round "1"]
[White "Marcel, Alexis"]
[Black "Brand Lyard, Paul"]
[Result "1-0"]
[WhiteElo "1360"]
[BlackElo "1408"]
[PlyCount "75"]
[EventDate "2022.??.??"]
[EventType "tourn (corr)"]
[EventRounds "5"]
[SourceTitle "Corr 2024"]
[Source "ChessBase"]
[SourceDate "2023.10.19"]
[SourceVersion "1"]
[SourceVersionDate "2023.10.19"]
[SourceQuality "1"]

1. f4 d5 2. Nf3 Bg4 3. e3 c6 4. b3 h5 5. Bb2 e6 6. Be2 Bxf3 7. Bxf3 g6 8. Bxh8 f6 9. 0-0 Nh6 10. Nc3 Be7 11. Bg7 Nf5 12. Bh8 Kd7 13. Bxf6 Bxf6 14. Qe2 Bh4 15. g4 Ng3 16. hxg3 Bxg3 17. gxh5 Qh4 18. hxg6 Bh2+ 19. Qxh2 Qxh2+ 20. Kxh2 Kd6 21. Rh1 Nd7 22. Rag1 Rg8 23. Bh5 Nf6 24. Bf3 b5 25. Rg3 b4 26. Ne2 a5 27. Kg2 c5 28. g7 e5 29. Rg6 e4 30. Bg4 c4 31. Rxf6+ Ke7 32. Re6+ Kf7 33. Rh7 cxb3 34. axb3 Rc8 35. Nd4 Rc5 36. Rg6 Kxg6 37. g8Q+ Kf6 38. Qf7# 1-0

[Event "FICGS class E 000241 email"]
[Site "FICGS email"]
[Date "2022.03.17"]
[Round "1"]
[White "Brand Lyard, Paul"]
[Black "Marcel, Alexis"]
[Result "0-1"]
[WhiteElo "1515"]
[BlackElo "1237"]
[PlyCount "64"]
[EventDate "2022.??.??"]
[EventType "tourn (corr)"]
[EventRounds "5"]
[SourceTitle "Corr 2024"]
[Source "ChessBase"]
[SourceDate "2023.10.19"]
[SourceVersion "1"]
[SourceVersionDate "2023.10.19"]
[SourceQuality "1"]

1. e4 g6 2. d4 Bg7 3. Nf3 c5 4. dxc5 Qa5+ 5. Qd2 Qxc5 6. Be2 Qb6 7. b3 Bxa1 8. Bc4 Bg7 9. 0-0 Nc6 10. Qf4 e6 11. Nc3 a6 12. Be3 Qd8 13. Rd1 Nf6 14. Nd5 exd5 15. exd5 Ne7 16. Bd4 Nf5 17. Bxf6 Bxf6 18. g4 Nh4 19. Nxh4 Bxh4 20. d6 0-0 21. Qh6 Bf6 22. Rd4 Bxd4 23. Bd3 Qb6 24. Kg2 Qxd6 25. h4 Qd5+ 26. f3 Qc5 27. c4 Bg1 28. Kg3 Qf2+ 29. Kf4 Bh2+ 30. Ke4 Re8+ 31. Kd5 Re5+ 32. Kd6 Qb6# 0-1

[Event "FICGS W-ch st1 g04 email"]
[Site "FICGS email"]
[Date "2022.03.14"]
[Round "1"]
[White "Faust, Dieter"]
[Black "Marcel, Alexis"]
[Result "1-0"]
[WhiteElo "1954"]
[BlackElo "1237"]
[PlyCount "41"]
[EventDate "2022.??.??"]
[EventType "tourn (corr)"]
[EventRounds "6"]
[SourceTitle "Corr 2024"]
[Source "ChessBase"]
[SourceDate "2023.10.19"]
[SourceVersion "1"]
[SourceVersionDate "2023.10.19"]
[SourceQuality "1"]

1. e4 g6 2. Nc3 Bg7 3. d4 e6 4. h4 f5 5. h5 g5 6. h6 Bf6 7. e5 Be7 8. Qh5+ Kf8 9. d5 Qe8 10. Bxg5 Qxh5 11. Bxe7+ Nxe7 12. Rxh5 Ng6 13. 0-0-0 a6 14. Rg5 b5 15. dxe6 dxe6 16. Rxg6 Nc6 17. Rg7 Bb7 18. Rxc7 Rb8 19. Nh3 Nxe5 20. Nf4 Bc8 21. Rd8# 1-0

[Event "FICGS W-ch st1 g04 email"]
[Site "FICGS email"]
[Date "2022.03.14"]
[Round "1"]
[White "Romanini, William"]
[Black "Marcel, Alexis"]
[Result "1-0"]
[WhiteElo "2096"]
[BlackElo "1237"]
[PlyCount "51"]
[EventDate "2022.??.??"]
[EventType "tourn (corr)"]
[EventRounds "6"]
[SourceTitle "Corr 2024"]
[Source "ChessBase"]
[SourceDate "2023.10.19"]
[SourceVersion "1"]
[SourceVersionDate "2023.10.19"]
[SourceQuality "1"]

1. e4 g6 2. d4 Bg7 3. Nf3 c5 4. d5 d6 5. Nc3 Nf6 6. Bc4 0-0 7. 0-0 Nbd7 8. a4 a6 9. Re1 Nb6 10. Bf1 Bg4 11. h3 Bd7 12. Bg5 h6 13. Bf4 g5 14. Bg3 Nh5 15. Bh2 f5 16. Nxg5 Ng3 17. Bxg3 hxg5 18. exf5 Bxf5 19. Bd3 Bxc3 20. bxc3 Nxd5 21. Bc4 e6 22. Bxd5 exd5 23. Qxd5+ Kg7 24. Bxd6 Rh8 25. Re7+ Kf6 26. Qf7# 1-0

[Event "FICGS no engines 00 email"]
[Site "FICGS email"]
[Date "2021.04.09"]
[Round "1"]
[White "Bussoli, Marco"]
[Black "Marcel, Alexis"]
[Result "1-0"]
[WhiteElo "1800"]
[BlackElo "1284"]
[PlyCount "61"]
[EventDate "2021.??.??"]
[EventType "swiss (corr)"]
[EventRounds "1"]
[SourceTitle "Corr 2022"]
[Source "ChessBase"]
[SourceDate "2021.10.24"]
[SourceVersion "1"]
[SourceVersionDate "2021.10.24"]
[SourceQuality "1"]

1. d4 f5 2. Nc3 Nf6 3. Bg5 g6 4. Nf3 Bg7 5. Qd2 0-0 6. 0-0-0 d6 7. Bxf6 Bxf6 8. e4 fxe4 9. Nxe4 Nd7 10. Bc4+ Kh8 11. Neg5 Bxg5 12. Nxg5 Nb6 13. Nf7+ Rxf7 14. Bxf7 Qf8 15. Bb3 d5 16. Rhe1 Bf5 17. Re3 h5 18. Rde1 e6 19. h3 g5 20. g4 hxg4 21. hxg4 Bxg4 22. Rh1+ Kg7 23. Re5 Bf5 24. Qxg5+ Kf7 25. Rxf5+ exf5 26. Qxf5+ Ke7 27. Re1+ Kd8 28. Qxf8+ Kd7 29. Qe7+ Kc6 30. Qc5+ Kd7 31. Re7+ 1-0

[Event "FICGS rapid E 000243 email"]
[Site "FICGS email"]
[Date "2021.03.31"]
[Round "1"]
[White "Marcel, Alexis"]
[Black "Goldmund, Heike"]
[Result "0-1"]
[WhiteElo "1284"]
[BlackElo "1304"]
[PlyCount "40"]
[EventDate "2021.??.??"]
[EventType "tourn (rapid)"]
[EventRounds "6"]
[SourceTitle "Corr 2022"]
[Source "ChessBase"]
[SourceDate "2021.10.24"]
[SourceVersion "1"]
[SourceVersionDate "2021.10.24"]
[SourceQuality "1"]

1. f4 b6 2. Nf3 Bb7 3. e3 Nf6 4. b3 e6 5. Bb2 Be7 6. Be2 0-0 7. 0-0 c5 8. Nc3 a6 9. a3 Qc7 10. a4 d5 11. Qe1 Nbd7 12. h3 d4 13. Nd1 Rfd8 14. exd4 h6 15. dxc5 Nxc5 16. Nf2 Qxf4 17. Nd3 Nxd3 18. Bxd3 Bd6 19. Ne5 Qg5 20. Nf3 Qd5 0-1

[Event "FICGS class F 000230 email"]
[Site "FICGS email"]
[Date "2020.12.31"]
[Round "1"]
[White "Marcel, Alexis"]
[Black "Goldmund, Heike"]
[Result "1-0"]
[WhiteElo "1116"]
[BlackElo "1303"]
[PlyCount "63"]
[EventDate "2020.??.??"]
[EventType "tourn (corr)"]
[EventRounds "5"]
[SourceTitle "Corr 2022"]
[Source "ChessBase"]
[SourceDate "2021.10.24"]
[SourceVersion "1"]
[SourceVersionDate "2021.10.24"]
[SourceQuality "1"]

1. f4 Nf6 2. Nf3 b6 3. e3 Bb7 4. Be2 e6 5. 0-0 Be7 6. b3 0-0 7. Bb2 c5 8. Nc3 d6 9. Qe1 Nbd7 10. a3 Ne4 11. Nxe4 Bxe4 12. d3 Bb7 13. e4 Nf6 14. Qd2 Qc7 15. Rae1 h6 16. h3 e5 17. fxe5 dxe5 18. Bxe5 Bd6 19. Bxf6 Bf4 20. Qc3 gxf6 21. Qxf6 Be3+ 22. Kh1 Kh7 23. Nh4 Bg5 24. Qf5+ Kg7 25. Nf3 Be3 26. Nh2 Bc8 27. Qf6+ Kh7 28. Bg4 Bxg4 29. Nxg4 Bg5 30. Qf5+ Kg7 31. Nf6 Qe7 32. Qh7# 1-0

[Event "FICGS rapid E 000242 email"]
[Site "FICGS email"]
[Date "2020.12.27"]
[Round "1"]
[White "Marcel, Alexis"]
[Black "Joubert, Hennie"]
[Result "1-0"]
[WhiteElo "1116"]
[BlackElo "1483"]
[PlyCount "29"]
[EventDate "2020.??.??"]
[EventType "tourn (rapid)"]
[EventRounds "6"]
[SourceTitle "Corr 2022"]
[Source "ChessBase"]
[SourceDate "2021.10.24"]
[SourceVersion "1"]
[SourceVersionDate "2021.10.24"]
[SourceQuality "1"]

1. f4 e5 2. fxe5 d6 3. exd6 Bxd6 4. Nf3 g5 5. g3 g4 6. Nh4 Nf6 7. d3 Nc6 8. e4 Qe7 9. Nc3 Bd7 10. Bg5 h6 11. Bxf6 Qxf6 12. Be2 h5 13. Nd5 Qd4 14. c3 Qe3 15. Nxe3 1-0

[Event "FICGS rapid E 000242 email"]
[Site "FICGS email"]
[Date "2020.12.27"]
[Round "1"]
[White "Marcel, Alexis"]
[Black "Kehayov, Yulian"]
[Result "1/2-1/2"]
[WhiteElo "1116"]
[BlackElo "1309"]
[PlyCount "108"]
[EventDate "2020.??.??"]
[EventType "tourn (rapid)"]
[EventRounds "6"]
[SourceTitle "Corr 2022"]
[Source "ChessBase"]
[SourceDate "2021.10.24"]
[SourceVersion "1"]
[SourceVersionDate "2021.10.24"]
[SourceQuality "1"]

1. f4 d5 2. Nf3 g6 3. e3 Bg7 4. Be2 Nf6 5. 0-0 0-0 6. b3 Ne4 7. c3 c5 8. Bb2 Nc6 9. d3 Nf6 10. h3 e5 11. fxe5 Ne8 12. d4 b6 13. Nbd2 f6 14. exf6 Nxf6 15. Bb5 Bb7 16. Qe1 a6 17. Bxc6 Bxc6 18. Ne5 Bb7 19. Ndf3 cxd4 20. exd4 Re8 21. Qh4 Ne4 22. Qxd8 Raxd8 23. Rae1 Re7 24. Kh2 Rde8 25. Re2 h5 26. Nxg6 Re6 27. Nge5 Bf6 28. Nd7 b5 29. Nxf6+ Nxf6 30. Rxe6 Rxe6 31. Ne5 Bc8 32. g4 hxg4 33. Nxg4 Nxg4+ 34. hxg4 Re2+ 35. Kg3 Rxb2 36. Rf2 Rxf2 37. Kxf2 Kg7 38. Kg3 Kf6 39. Kf4 a5 40. a3 Bd7 41. g5+ Kg6 42. Ke5 a4 43. b4 Kxg5 44. Kxd5 Kf5 45. Kc5 Ke4 46. c4 bxc4 47. Kxc4 Be8 48. Kc5 Kd3 49. b5 Bxb5 50. Kxb5 Kxd4 51. Kxa4 Kc5 52. Ka5 Kc6 53. Ka6 Kc7 54. Ka7 Kc8 1/2-1/2

[Event "FICGS rapid E 000242 email"]
[Site "FICGS email"]
[Date "2020.12.27"]
[Round "1"]
[White "Mohamed Said, Azaim"]
[Black "Marcel, Alexis"]
[Result "1-0"]
[WhiteElo "1157"]
[BlackElo "1116"]
[PlyCount "91"]
[EventDate "2020.??.??"]
[EventType "tourn (rapid)"]
[EventRounds "6"]
[SourceTitle "Corr 2022"]
[Source "ChessBase"]
[SourceDate "2021.10.24"]
[SourceVersion "1"]
[SourceVersionDate "2021.10.24"]
[SourceQuality "1"]

1. e4 g6 2. d4 Bg7 3. Nf3 c5 4. d5 Qa5+ 5. Nc3 d6 6. Bd2 Qb6 7. Bd3 Nf6 8. 0-0 0-0 9. b3 Bg4 10. Be2 Nbd7 11. Rb1 a6 12. Na4 Qc7 13. Nh4 Bxe2 14. Qxe2 b5 15. Nc3 b4 16. Na4 Rfb8 17. c4 a5 18. f4 Re8 19. f5 Ne5 20. Nf3 Nxf3+ 21. Rxf3 e6 22. fxg6 fxg6 23. Rbf1 e5 24. Rh3 Rf8 25. Bh6 Rf7 26. Bxg7 Kxg7 27. Qe3 h5 28. Qg3 Raf8 29. Re1 Nxe4 30. Qe3 Nf6 31. Nb2 Qd7 32. Nd3 Ng4 33. Qe2 a4 34. Rg3 a3 35. h3 Nf6 36. Nf2 Kh6 37. Qe3+ Kh7 38. Rf1 Rg8 39. Rf3 Qe7 40. Ne4 Kg7 41. Ng5 Rgf8 42. Nxf7 Rxf7 43. g4 hxg4 44. hxg4 Rf8 45. Qg5 Qd8 46. Rh3 1-0

[Event "FICGS class F 000226 email"]
[Site "FICGS email"]
[Date "2020.03.06"]
[Round "1"]
[White "Marcel, Alexis"]
[Black "Goldmund, Heike"]
[Result "0-1"]
[WhiteElo "1170"]
[BlackElo "1219"]
[PlyCount "26"]
[EventDate "2020.??.??"]
[EventType "tourn (corr)"]
[EventRounds "5"]
[SourceTitle "Corr 2022"]
[Source "ChessBase"]
[SourceDate "2021.10.24"]
[SourceVersion "1"]
[SourceVersionDate "2021.10.24"]
[SourceQuality "1"]

1. f4 Nf6 2. Nf3 e6 3. e3 b6 4. b3 Bb7 5. Bb2 Be7 6. Be2 0-0 7. 0-0 c5 8. Nc3 d6 9. a3 Nbd7 10. Qe1 Ne4 11. Nxe4 Bxe4 12. d3 Bf6 13. Bxf6 Nxf6 0-1

[Event "FICGS class E 000231 email"]
[Site "FICGS email"]
[Date "2020.03.02"]
[Round "1"]
[White "King, Kevin"]
[Black "Marcel, Alexis"]
[Result "1-0"]
[WhiteElo "1389"]
[BlackElo "1170"]
[PlyCount "33"]
[EventDate "2020.??.??"]
[EventType "tourn (corr)"]
[EventRounds "5"]
[SourceTitle "Corr 2022"]
[Source "ChessBase"]
[SourceDate "2021.10.24"]
[SourceVersion "1"]
[SourceVersionDate "2021.10.24"]
[SourceQuality "1"]

1. d4 f5 2. c4 Nf6 3. Nf3 g6 4. Nc3 Bg7 5. Qc2 0-0 6. e3 d6 7. Be2 Re8 8. 0-0 Nbd7 9. Rb1 e5 10. dxe5 Nxe5 11. Nxe5 dxe5 12. b3 e4 13. Ba3 b6 14. Rfd1 Nd7 15. c5 Nf6 16. Rxd8 Rxd8 17. Bc4+ 1-0